Magyarország és a globalizáció
Elmentve itt :
| Szerző: | |
|---|---|
| Adatforrás: | Philobibl |
| Dokumentumtípus: | Könyv |
| Nyelv: | magyar |
| Kulcsszavak: | politikai filozófia globalizáció modernizáció |
| Megjelent: |
Budapest
Osiris Kiadó
2006
|
| Sorozat: | Osiris könyvtár. Politológia
|
| LEADER | 00506nam a2200169 c 4500 | ||
|---|---|---|---|
| 001 | bibPHI0043092 | ||
| 005 | 20200924124915.5 | ||
| 008 | 061211s2006 hu b 00010 hun d | ||
| 100 | 1 | |a Bogár László | |
| 245 | 1 | 0 | |a Magyarország és a globalizáció |c Bogár László |
| 260 | |a Budapest |b Osiris Kiadó |c 2006 | ||
| 300 | |a 446, [1] p. | ||
| 490 | 1 | |a Osiris könyvtár. Politológia | |
| 695 | |a politikai filozófia | ||
| 695 | |a globalizáció | ||
| 695 | |a modernizáció | ||
| 830 | 0 | |a Osiris könyvtár. |p Politológia | |